Yu-Gi-Oh! - Monstre (8) - Statistiques

Statistiques générales
  • Ce quiz a été pris 53 fois
  • Le résultat moyen est 78 sur 81
Statistiques - réponses
Question Tuile Select % Correct
Qui est Roi Machine ? Non
98%
Qui est Roi Machine ? Non
98%
Qui est Roi Machine ? Non
98%
Qui est Araignée Lanceuse ? Non
98%
Qui est Araignée Lanceuse ? Non
98%
Qui est Araignée Lanceuse ? Non
98%
Qui est Araignée Lanceuse ? Non
98%
Qui est Araignée Lanceuse ? Non
98%
Qui est Araignée Lanceuse ? Non
98%
Qui est Cyberjarre ? Non
98%
Qui est Cyberjarre ? Non
98%
Qui est Cyberjarre ? Non
98%
Qui est Cyberjarre ? Non
98%
Qui est Cyberjarre ? Non
98%
Qui est Cyberjarre ? Non
98%
Qui est Cyberjarre ? Non
98%
Qui est Sphère Explosive ? Non
98%
Qui est Sphère Explosive ? Non
98%
Qui est Sphère Explosive ? Non
98%
Qui est Sphère Explosive ? Non
98%
Qui est Sphère Explosive ? Non
98%
Qui est Sphère Explosive ? Oui
98%
Qui est Sphère Explosive ? Non
98%
Qui est Sphère Explosive ? Non
98%
Qui est Sphère Explosive ? Non
98%
Qui est Outil Ancien ? Non
98%
Qui est Outil Ancien ? Non
98%
Qui est Outil Ancien ? Non
98%
Qui est Outil Ancien ? Non
98%
Qui est Outil Ancien ? Non
98%
Qui est Outil Ancien ? Non
98%
Qui est Outil Ancien ? Non
98%
Qui est Revolver Dragon ? Non
98%
Qui est Revolver Dragon ? Non
98%
Qui est Revolver Dragon ? Non
98%
Qui est Revolver Dragon ? Oui
98%
Qui est Revolver Dragon ? Non
98%
Qui est Revolver Dragon ? Non
98%
Qui est Revolver Dragon ? Non
98%
Qui est Revolver Dragon ? Non
98%
Qui est Revolver Dragon ? Non
98%
Qui est Garde-Barrière ? Non
98%
Qui est Garde-Barrière ? Non
98%
Qui est Garde-Barrière ? Non
98%
Qui est Machine à Sous ? Non
98%
Qui est Machine à Sous ? Non
98%
Qui est Machine à Sous ? Non
98%
Qui est Machine à Sous ? Non
98%
Qui est Machine à Sous ? Non
98%
Qui est Machine à Sous ? Non
98%
Qui est Machine à Sous ? Oui
98%
Qui est Machine à Sous ? Non
98%
Qui est Machine à Sous ? Non
98%
Qui est Machine Pendule ? Non
98%
Qui est Machine Pendule ? Non
98%
Qui est Machine Pendule ? Non
98%
Qui est Machine Pendule ? Non
98%
Qui est Roi Machine ? Non
96%
Qui est Roi Machine ? Non
96%
Qui est Roi Machine ? Non
96%
Qui est Roi Machine ? Non
96%
Qui est Araignée Lanceuse ? Non
96%
Qui est Araignée Lanceuse ? Oui
96%
Qui est Araignée Lanceuse ? Non
96%
Qui est Cyberjarre ? Oui
96%
Qui est Cyberjarre ? Non
96%
Qui est Outil Ancien ? Non
96%
Qui est Outil Ancien ? Oui
96%
Qui est Garde-Barrière ? Non
96%
Qui est Garde-Barrière ? Non
96%
Qui est Garde-Barrière ? Non
96%
Qui est Garde-Barrière ? Non
96%
Qui est Machine Pendule ? Non
96%
Qui est Machine Pendule ? Non
96%
Qui est Machine Pendule ? Non
96%
Qui est Roi Machine ? Non
93%
Qui est Machine Pendule ? Non
93%
Qui est Garde-Barrière ? Non
91%
Qui est Machine Pendule ? Oui
89%
Qui est Roi Machine ? Oui
84%
Qui est Garde-Barrière ? Oui
84%
Aucun quiz correspondant
Distribution des résultats
% des personnes avec chaque résultat
Percentile par nombre de réponses
Votre historique - résultats
Vous n’avez pas pris ce quiz